Management accounting: (Record no. 157775)

MARC details
000 -LEADER
fixed length control field 00710nam a22002177a 4500
005 - DATE AND TIME OF LATEST TRANSACTION
control field 20180929121111.0
010 ## - LCCN (DPL NO)
LC control number ENG-124131
020 ## - INTERNATIONAL STANDARD BOOK NUMBER
International Standard Book Number 9789387472938
Terms of availability 495.00
035 ## - SYSTEM CONTROL NUMBER
System control number EN-107663
037 ## - SOURCE OF ACQUISITION
Source of stock number/acquisition DBAD/PUB
082 ## - DEWEY DECIMAL CLASSIFICATION NUMBER
Classification number 658.1511
100 ## - MAIN ENTRY--PERSONAL NAME
Personal name Singhvi M.M.
245 ## - TITLE STATEMENT
Title Management accounting:
Statement of responsibility, etc by M.M. Singhvi [and] Ruzbeh J. Bodhanwala
Remainder of title text and cases /
250 ## - EDITION STATEMENT
Edition statement 3rd ed.
260 ## - PUBLICATION, DISTRIBUTION, ETC. (IMPRINT)
Date of publication, distribution, etc 2018
Place of publication, distribution, etc Delhi
Name of publisher, distributor, etc PHI Learning Pvt. Ltd.
270 ## - ADDRESS
City Delhi
Address Rimjhim House, 111, Patparganj Industrial Estate,
Postal code 110092
300 ## - PHYSICAL DESCRIPTION
Extent xv,423p.
Dimensions 26cm.(pbk)
Other physical details ill.
500 ## - GENERAL NOTE
General note It includes Appendix 1 to 3 and index
700 ## - ADDED ENTRY--PERSONAL NAME
Personal name Bodhanwala, Ruzbeh J.
942 ## - ADDED ENTRY ELEMENTS (KOHA)
Source of classification or shelving scheme Dewey Decimal Classification
Item type English Books
Classification part 658.1511
Call number suffix SIN
Holdings
Withdrawn status Lost status Not for loan Collection code Home library Current library Date acquired Source of acquisition Cost, normal purchase price Full call number Barcode Copy number Cost, replacement price Koha item type
    Not For Loan Non-fiction D.B.Act.Division Sarojini Nagar 29/09/2018 DBAD/PUB 495.00 658.1511 SIN EN-107663 1 495.00 English Books

© Delhi Public Library
Hit Counter
free hit counter